Normal view
MARC view
- Acevedo, Marta,
Entry Nombre Personal
001 - NUMERO DE CONTROL
- campo de control: 38327
003 - IDENTIFICADOR DE NUMERO DE CONTROL
- campo de control: DLC
005 - FECHA Y HORA DE LA ÜLTIMA TRANSACCIÓN
- campo de control: 20230512124106.0
008 - DATOS DE LONGITUD FIJA
- campo de control de longitud fija: 230512n| azannaabn |n aaa
010 ## - NÚMERO DE CONTROL DE LA BIBLIOTECA DEL CONGRESO
- Número de control LC: n 83164340
035 ## - NUMERO DE CONTROL
- Número de control: (OCoLC)oca00987596
040 ## - FUENTE DE CATALOGACIÓN
- Agencia original de catalogación: DLC
- Lenguaje de catalogación: spa
- Description conventions: rda
- Agencia de transcripción: DLC
- Agencia que lo modifica: OCoLC
- Agencia que lo modifica: DLC
- Agencia que lo modifica: MX-MxUPN
046 ## - FECHAS CON CODIFICACIÓN ESPECIAL
- Fecha de nacimiento: 1940
100 1# - ENCABEZAMIENTO - NOMBRE PERSONAL
- Nombre personal: Acevedo, Marta,
- Fechas asociadas con el nombre: 1940-
370 ## - LUGAR ASOCIADO
- Place of birth: Ciudad de México (México)
375 ## - GÉNERO
- Gender: femenino
377 ## - LENGUA ASOCIADA
- Language code: spa
670 ## - FUENTE EN LA QUE SE LOCALIZARON DATOS
- Cita de la fuente: En su obra: El 10 de mayo, 1982:
- Información localizada: portada (Marta Acevedo)
670 ## - FUENTE EN LA QUE SE LOCALIZARON DATOS
- Cita de la fuente: En su obra: El diez de mayo, 2012:
- Información localizada: portada (Marta Acevedo) solapa delantera (n. 1940, Mexico City; author of books for children and young adults)
902 ## - CATALOGADOR
- Catalogador: NDAF/120523
